[Event "Qatar Masters Open 2015"]
[Site "Doha QAT"]
[Date "2015.12.22"]
[Round "3.38"]
[White "Lu, Shanglei"]
[Black "Abhishek, Kelkar"]
[Result "1/2-1/2"]
[WhiteElo "2618"]
[BlackElo "2393"]
[PlyCount "60"]
[EventDate "2015.12.20"]
[EventType "swiss"]
[EventRounds "9"]
[EventCountry "QAT"]
[Source "lmi"]
[SourceDate "2015.12.20"]

1. e4 c6 2. Nc3 d5 3. Nf3 Bg4 4. h3 Bh5 5. d3 e6 6. g4 Bg6 7. h4 h5 8. g5 Bd6
9. Bg2 Ne7 10. O-O O-O 11. Re1 Nd7 12. a3 Re8 13. b3 Qc7 14. Bb2 a6 15. d4 Qb6
16. Qd2 Rac8 17. Rad1 Qa7 18. e5 Bc7 19. Ne2 c5 20. Nf4 cxd4 21. Bxd4 Bb6 22.
Bxb6 Qxb6 23. Nd4 Nf8 24. Bf3 Nc6 25. Nxc6 Rxc6 26. Nxg6 Nxg6 27. Bxh5 Nxh4 28.
c4 Qxb3 29. Qf4 Qh3 30. Qg3 Qxg3+ 1/2-1/2

[Event "Qatar Masters Open 2015"]
[Site "Doha QAT"]
[Date "2015.12.22"]
[Round "3.39"]
[White "Li, Di"]
[Black "Bok, Benjamin"]
[Result "0-1"]
[WhiteElo "2389"]
[BlackElo "2594"]
[PlyCount "80"]
[EventDate "2015.12.20"]
[EventType "swiss"]
[EventRounds "9"]
[EventCountry "QAT"]
[Source "lmi"]
[SourceDate "2015.12.20"]

1. c4 g6 2. Nf3 Bg7 3. Nc3 c5 4. g3 Nc6 5. Bg2 d6 6. O-O e5 7. a3 a5 8. Ne1 Be6
9. d3 Nge7 10. Nc2 d5 11. cxd5 Nxd5 12. Ne4 b6 13. Ng5 Bc8 14. Ne3 Nde7 15. a4
O-O 16. Nc4 h6 17. Ne4 Be6 18. Ned6 Ra7 19. Nb5 Rd7 20. Qb3 Nb4 21. Bd2 Nec6
22. Bc3 Re8 23. Rac1 h5 24. f4 h4 25. Rf2 hxg3 26. hxg3 exf4 27. Rxf4 Nd4 28.
Nxd4 Bxd4+ 29. Bxd4 Rxd4 30. Rcf1 Bxc4 31. dxc4 Rxf4 32. Rxf4 Rxe2 33. Qf3 Qe7
34. Qa8+ Kg7 35. Qb8 Nd3 36. Rh4 Qe8 37. Qb7 Qe3+ 38. Kh2 Ne1 39. Rh7+ Kxh7 40.
Qxf7+ Kh6 0-1

[Event "Qatar Masters Open 2015"]
[Site "Doha QAT"]
[Date "2015.12.22"]
[Round "3.40"]
[White "Khademalsharieh, Sarasadat"]
[Black "Tregubov, Pavel V"]
[Result "1/2-1/2"]
[WhiteElo "2380"]
[BlackElo "2589"]
[PlyCount "52"]
[EventDate "2015.12.20"]
[EventType "swiss"]
[EventRounds "9"]
[EventCountry "QAT"]
[Source "lmi"]
[SourceDate "2015.12.20"]

1. d4 e6 2. c4 b6 3. e4 Bb7 4. Bd3 f5 5. exf5 Bb4+ 6. Kf1 Nf6 7. a3 Bd6 8. Nc3
O-O 9. Nf3 Nc6 10. Bg5 exf5 11. Nb5 h6 12. Nxd6 cxd6 13. Bf4 Qe7 14. Nh4 Nxd4
15. Ng6 Qe6 16. Nxf8 Rxf8 17. Qe1 Ne4 18. Rd1 Nc6 19. h4 Ne5 20. Bxe5 dxe5 21.
Rh3 Nf6 22. Qd2 Nh5 23. Kg1 Nf4 24. Rg3 Nh5 25. Rh3 Nf4 26. Rg3 Nh5 1/2-1/2

[Event "Qatar Masters Open 2015"]
[Site "Doha QAT"]
[Date "2015.12.22"]
[Round "3.41"]
[White "Esen, Baris"]
[Black "Karavade, Eesha"]
[Result "1-0"]
[WhiteElo "2562"]
[BlackElo "2379"]
[PlyCount "113"]
[EventDate "2015.12.20"]
[EventType "swiss"]
[EventRounds "9"]
[EventCountry "QAT"]
[Source "lmi"]
[SourceDate "2015.12.20"]

1. d4 d5 2. c4 c6 3. cxd5 cxd5 4. Bf4 Nc6 5. e3 Nf6 6. Nc3 e6 7. Bd3 h6 8. Nf3
Bd6 9. Ne5 Bxe5 10. Bxe5 Nxe5 11. dxe5 Nd7 12. f4 Qb6 13. Qd2 Nc5 14. Bb5+ Bd7
15. Bxd7+ Nxd7 16. e4 dxe4 17. Nxe4 O-O 18. O-O-O Qc6+ 19. Qc2 Qxc2+ 20. Kxc2
Nb6 21. Kb3 Nd5 22. g3 Rfc8 23. Rc1 Kf8 24. Nd6 Rxc1 25. Rxc1 Ke7 26. Rc8 Rxc8
27. Nxc8+ Kd7 28. Nxa7 Ne3 29. Nb5 Nf1 30. Nd6 Nxh2 31. Nxb7 Nf1 32. Nc5+ Kc6
33. Ne4 Kd5 34. Nc3+ Kd4 35. a4 Nxg3 36. Kb4 h5 37. a5 h4 38. a6 h3 39. a7 h2
40. a8=Q h1=Q 41. Qa7+ Kd3 42. Qxf7 Qc6 43. Qxg7 Nf5 44. Qg1 Qc4+ 45. Ka5 Qxf4
46. Qb1+ Ke3 47. Qe1+ Kf3 48. Qe2+ Kg3 49. Ne4+ Kh3 50. Qh5+ Nh4 51. Nc5 Kg3
52. b4 Qc1 53. Ne4+ Kh3 54. Nf2+ Kg3 55. Qg4+ Kxf2 56. Qxh4+ Kf3 57. Qf6+ 1-0

[Event "Qatar Masters Open 2015"]
[Site "Doha QAT"]
[Date "2015.12.22"]
[Round "3.42"]
[White "Lin, Chen"]
[Black "Roy, Prantik"]
[Result "1/2-1/2"]
[WhiteElo "2532"]
[BlackElo "2370"]
[PlyCount "61"]
[EventDate "2015.12.20"]
[EventType "swiss"]
[EventRounds "9"]
[EventCountry "QAT"]
[Source "lmi"]
[SourceDate "2015.12.20"]

1. e4 c6 2. d4 d5 3. Nd2 dxe4 4. Nxe4 Bf5 5. Ng3 Bg6 6. Nh3 Nf6 7. Bc4 e6 8.
Nf4 Bd6 9. c3 Qc7 10. Qf3 Nd5 11. Nxg6 hxg6 12. Ne4 Nd7 13. h3 N7f6 14. Nxd6+
Qxd6 15. O-O Rh4 16. Rd1 O-O-O 17. Bf1 Nf4 18. Be3 g5 19. c4 Rdh8 20. Rac1 Rg4
21. g3 Nxh3+ 22. Bxh3 Rxh3 23. Kg2 Rgh4 24. Bxg5 Rh2+ 25. Kg1 Rh5 26. Bxf6 gxf6
27. Qxf6 Rh1+ 28. Kg2 R1h2+ 29. Kg1 Rh1+ 30. Kg2 R1h2+ 31. Kg1 1/2-1/2

[Event "Qatar Masters Open 2015"]
[Site "Doha QAT"]
[Date "2015.12.22"]
[Round "3.43"]
[White "Firouzja, Alireza"]
[Black "Svane, Rasmus"]
[Result "1/2-1/2"]
[WhiteElo "2372"]
[BlackElo "2529"]
[PlyCount "140"]
[EventDate "2015.12.20"]
[EventType "swiss"]
[EventRounds "9"]
[EventCountry "QAT"]
[Source "lmi"]
[SourceDate "2015.12.20"]

1. e4 c6 2. d4 d5 3. Nd2 dxe4 4. Nxe4 Nd7 5. Ng5 h6 6. Ne6 Qb6 7. Nxf8 Nxf8 8.
c3 Bf5 9. Nf3 Ng6 10. Bc4 Nf6 11. h4 Bg4 12. Qd3 e6 13. Nh2 Bf5 14. Qe2 Nxh4
15. g3 Be4 16. f3 Nf5 17. fxe4 Nxg3 18. Qg2 Nxh1 19. Qxg7 Ke7 20. Qg2 c5 21. e5
Nd5 22. Bxd5 exd5 23. Qxh1 cxd4 24. Nf3 Qg6 25. Qh4+ Kf8 26. Qxd4 Re8 27. Be3
Qg2 28. Nd2 Qg3+ 29. Kd1 Rxe5 30. Qc5+ Re7 31. Qc8+ Re8 32. Bc5+ Kg7 33. Qf5
Qg6 34. Bd4+ f6 35. Qxg6+ Kxg6 36. Bxa7 h5 37. Kc2 h4 38. Rg1+ Kf7 39. Bd4 h3
40. Rh1 Re2 41. Kd3 Rg2 42. a4 h2 43. b4 Rh3+ 44. Kc2 Rhg3 45. Bb6 Re2 46. Bc7
Rgg2 47. Bf4 Ke6 48. Kd3 Kf5 49. Be3 Kg4 50. Nf1 f5 51. a5 f4 52. Bc5 Kh3 53.
b5 Re1 54. Rxh2+ Rxh2 55. Nxh2 Kxh2 56. Bd6 Kg3 57. a6 bxa6 58. b6 Rb1 59. Bb4
Rd1+ 60. Kc2 Rh1 61. b7 Rh8 62. Bd6 a5 63. b8=Q Rxb8 64. Bxb8 a4 65. Bd6 Kg4
66. Kd2 Kf3 67. Kd3 Kg3 68. Ke2 Kg4 69. Kd2 Kg3 70. Ke2 Kg4 1/2-1/2

[Event "Qatar Masters Open 2015"]
[Site "Doha QAT"]
[Date "2015.12.22"]
[Round "3.45"]
[White "Schroeder, Jan-Christian"]
[Black "Raja, Harshit"]
[Result "1/2-1/2"]
[WhiteElo "2511"]
[BlackElo "2325"]
[PlyCount "89"]
[EventDate "2015.12.20"]
[EventType "swiss"]
[EventRounds "9"]
[EventCountry "QAT"]
[Source "lmi"]
[SourceDate "2015.12.20"]

1. d4 d5 2. c4 c6 3. Nf3 Nf6 4. e3 e6 5. b3 c5 6. Bb2 cxd4 7. exd4 Nc6 8. Nbd2
dxc4 9. bxc4 Be7 10. g3 b6 11. Bh3 Bb7 12. O-O O-O 13. Re1 b5 14. cxb5 Nb4 15.
Re3 Rc8 16. Rc1 Rxc1 17. Qxc1 Nxa2 18. Qa1 Nb4 19. Qxa7 Qd7 20. Qa4 Ra8 21. Qb3
Bd5 22. Qd1 Qxb5 23. Bf1 Qb7 24. Ne5 Nd7 25. Nec4 Nb6 26. Ra3 Rc8 27. Nxb6 Qxb6
28. Rc3 Nc6 29. Rc2 Rd8 30. Nc4 Bxc4 31. Bxc4 Nxd4 32. Bxd4 Rxd4 33. Qe2 h6 34.
Bd3 Qb1+ 35. Qf1 Qb7 36. Rc4 Rd8 37. Be4 Qb3 38. Bc2 Qf3 39. Be4 Qh5 40. Kg2
Bc5 41. Bf3 Qe5 42. Qc1 Bb6 43. Rc8 Qd4 44. Rxd8+ Qxd8 45. Qc6 1/2-1/2

[Event "Qatar Masters Open 2015"]
[Site "Doha QAT"]
[Date "2015.12.22"]
[Round "3.46"]
[White "Bromberger, Stefan"]
[Black "Pourkashiyan, Atousa"]
[Result "1-0"]
[WhiteElo "2521"]
[BlackElo "2322"]
[PlyCount "79"]
[EventDate "2015.12.20"]
[EventType "swiss"]
[EventRounds "9"]
[EventCountry "QAT"]
[Source "lmi"]
[SourceDate "2015.12.20"]

1. d4 Nf6 2. c4 e6 3. g3 d5 4. Bg2 Be7 5. Nf3 O-O 6. O-O dxc4 7. Qc2 a6 8. a4
Bd7 9. Rd1 Bc6 10. Nc3 a5 11. e4 Na6 12. Ne5 Nb4 13. Qe2 Nd3 14. Nxd3 cxd3 15.
Rxd3 Bb4 16. Bf4 Bxc3 17. bxc3 b5 18. Bg5 Qe8 19. Bxf6 gxf6 20. Qg4+ Kh8 21.
Qh4 Qd8 22. d5 bxa4 23. g4 Rg8 24. Rh3 Rg7 25. dxc6 Rb8 26. Bf1 Qd2 27. Qxf6
Kg8 28. Qd4 Rxg4+ 29. Rg3 Rxg3+ 30. hxg3 Qxd4 31. cxd4 Rb4 32. d5 exd5 33. exd5
Rd4 34. Bg2 Kf8 35. d6 Rxd6 36. Rxa4 Rd1+ 37. Kh2 Rd2 38. f4 Ke7 39. Rxa5 h6
40. Rd5 1-0

[Event "Qatar Masters Open 2015"]
[Site "Doha QAT"]
[Date "2015.12.22"]
[Round "3.48"]
[White "Saiyn, Zhanat"]
[Black "Sunilduth Lyna, Narayanan"]
[Result "1/2-1/2"]
[WhiteElo "2394"]
[BlackElo "2494"]
[PlyCount "137"]
[EventDate "2015.12.20"]
[EventType "swiss"]
[EventRounds "9"]
[EventCountry "QAT"]
[Source "lmi"]
[SourceDate "2015.12.20"]

1. d4 d5 2. c4 e6 3. Nc3 Be7 4. Nf3 Nf6 5. Bf4 O-O 6. e3 Nbd7 7. Be2 dxc4 8.
Bxc4 a6 9. Ne5 Nxe5 10. Bxe5 Bd6 11. Qf3 Bxe5 12. dxe5 Nd7 13. Qe4 Nc5 14. Qd4
Qe7 15. Rd1 b5 16. b4 Na4 17. Be2 c5 18. bxc5 Nxc5 19. Bf3 Bb7 20. Bxb7 Nxb7
21. O-O Rac8 22. Ne4 Rc4 23. Qd3 Nc5 24. Qd6 Qxd6 25. Nxd6 Rc3 26. Rc1 Na4 27.
Ne4 Ra3 28. Rc6 Nb2 29. Nc5 Ra8 30. Rc1 Nc4 31. Rc2 h6 32. Kf1 Nxe5 33. Rc7 Nc4
34. Rc6 Ne5 35. Rc7 Rd8 36. Ke2 g5 37. Nb7 Rd7 38. Rc8+ Kg7 39. Nc5 Rd6 40. Ne4
Rd5 41. h3 Nd7 42. R8c6 Nf6 43. Nc5 a5 44. e4 Rd4 45. Rxe6 Rc4 46. Rxc4 Rxa2+
47. Ke3 bxc4 48. Ra6 c3 49. Rc6 Ra3 50. Nd3 Ra4 51. f3 Ra3 52. Kd4 Nh5 53. g4
Ng3 54. Ke3 Nf1+ 55. Ke2 Nd2 56. Ne5 Nb3 57. Kd3 c2 58. Rxc2 Nc5+ 59. Kd2 Ne6
60. Rc4 Ra2+ 61. Ke3 Nf4 62. Rc6 a4 63. Ra6 Ra3+ 64. Kd4 Ne6+ 65. Kc4 Kf6 66.
Nd7+ Kg7 67. Ne5 Kf6 68. Nd7+ Kg7 69. Ne5 1/2-1/2

[Event "Qatar Masters Open 2015"]
[Site "Doha QAT"]
[Date "2015.12.22"]
[Round "3.49"]
[White "Saduakassova, Dinara"]
[Black "Ezat, Mohamed"]
[Result "1-0"]
[WhiteElo "2407"]
[BlackElo "2490"]
[PlyCount "165"]
[EventDate "2015.12.20"]
[EventType "swiss"]
[EventRounds "9"]
[EventCountry "QAT"]
[Source "lmi"]
[SourceDate "2015.12.20"]

1. d4 Nf6 2. Nf3 g6 3. c4 Bg7 4. Nc3 O-O 5. e4 d6 6. Be2 e5 7. O-O Nc6 8. d5
Ne7 9. b4 c6 10. a4 a5 11. bxa5 c5 12. Bd2 Qxa5 13. Qc2 Qd8 14. Rfb1 Nd7 15.
Nb5 Ra6 16. Ra3 h6 17. Qc1 Kh7 18. Nh4 Nf6 19. Qc2 Ne8 20. g3 Kg8 21. Qc1 Kh7
22. Bd3 Nf6 23. Nc3 Neg8 24. Rab3 Nh5 25. Ng2 Kh8 26. Be2 Nhf6 27. Qb2 Nd7 28.
Qc2 f5 29. Nh4 Ne7 30. exf5 gxf5 31. Qc1 Rf6 32. Bd3 e4 33. Bxe4 fxe4 34. Nxe4
Ne5 35. Nxf6 Bxf6 36. Bc3 Qf8 37. Qf4 Qg7 38. Rxb7 Bxb7 39. Rxb7 Rxa4 40. Nf5
Qg5 41. Bxe5 Bxe5 42. Qxg5 hxg5 43. Nxe7 Bf6 44. Nf5 Rxc4 45. Nxd6 Rd4 46. Nf7+
Kg8 47. Nh6+ Kh8 48. d6 c4 49. Rc7 c3 50. Kg2 Rd2 51. d7 c2 52. Nf7+ Kg8 53.
d8=Q+ Bxd8 54. Nxd8 Rxd8 55. Rxc2 Kf7 56. Rc4 Kg6 57. h4 gxh4 58. Rxh4 Kg5 59.
Ra4 Rd2 60. Ra8 Rb2 61. Rf8 Kg4 62. Rf4+ Kg5 63. Kh3 Rb1 64. Ra4 Rh1+ 65. Kg2
Rb1 66. Ra5+ Kg6 67. f4 Rb6 68. Kh3 Rc6 69. Kh4 Rf6 70. Rb5 Rf8 71. Kg4 Rf6 72.
Rh5 Ra6 73. f5+ Kg7 74. Kg5 Ra7 75. g4 Rb7 76. Rh6 Ra7 77. Rb6 Rc7 78. Kh5 Rf7
79. Ra6 Kh7 80. f6 Kg8 81. g5 Rh7+ 82. Kg6 Rg7+ 83. Kf5 1-0

[Event "Qatar Masters Open 2015"]
[Site "Doha QAT"]
[Date "2015.12.22"]
[Round "3.50"]
[White "Slavin, Alexey"]
[Black "Aravindh, Chithambaram VR"]
[Result "0-1"]
[WhiteElo "2388"]
[BlackElo "2486"]
[PlyCount "90"]
[EventDate "2015.12.20"]
[EventType "swiss"]
[EventRounds "9"]
[EventCountry "QAT"]
[Source "lmi"]
[SourceDate "2015.12.20"]

1. e4 c5 2. Nf3 Nc6 3. Nc3 e6 4. g3 Nf6 5. Bg2 d5 6. exd5 exd5 7. d4 cxd4 8.
Nxd4 Be7 9. Nce2 O-O 10. h3 Ne4 11. O-O Bf6 12. c3 Re8 13. Rb1 g6 14. Bf4 h5
15. Qa4 Bd7 16. Qb3 Nxd4 17. Nxd4 g5 18. Bc1 Qc8 19. Kh2 Qc7 20. Qxd5 Re5 21.
Qb3 Rae8 22. Kg1 R5e7 23. Be3 Kg7 24. Rbe1 Nxg3 25. fxg3 Rxe3 26. Rxe3 Rxe3 27.
g4 hxg4 28. hxg4 Rg3 29. Nf5+ Bxf5 30. gxf5 Bd4+ 31. Kh1 Qc8 32. f6+ Kf8 33.
cxd4 Rxb3 34. axb3 Qc2 35. Bxb7 Qxb3 36. Bg2 Qxb2 37. d5 Qd4 38. Kh2 a5 39. Kg3
a4 40. Bf3 a3 41. Rd1 Qxd1 42. Bxd1 a2 43. d6 a1=Q 44. d7 Qxd1 45. d8=Q+ Qxd8
0-1

[Event "Qatar Masters Open 2015"]
[Site "Doha QAT"]
[Date "2015.12.22"]
[Round "3.51"]
[White "Tabatabaei, M.Amin"]
[Black "Carlsson, Pontus"]
[Result "1-0"]
[WhiteElo "2482"]
[BlackElo "2433"]
[PlyCount "73"]
[EventDate "2015.12.20"]
[EventType "swiss"]
[EventRounds "9"]
[EventCountry "QAT"]
[Source "lmi"]
[SourceDate "2015.12.20"]

1. d4 Nf6 2. c4 e6 3. Nf3 Bb4+ 4. Bd2 c5 5. Bxb4 cxb4 6. g3 O-O 7. Bg2 d6 8.
O-O Qe7 9. Qd2 a5 10. a3 Na6 11. axb4 Nxb4 12. Nc3 b6 13. e4 e5 14. h3 Re8 15.
Rfe1 Ba6 16. b3 Rad8 17. Rad1 Nd7 18. h4 exd4 19. Nxd4 Qf6 20. Nc2 Nxc2 21.
Qxc2 Rc8 22. Nd5 Qd8 23. Ne3 Qc7 24. Nf5 Re6 25. Qb2 f6 26. e5 dxe5 27. Bd5 Nc5
28. Nd4 Rce8 29. Nxe6 Nxe6 30. Qd2 Bb7 31. Bxe6+ Rxe6 32. Qd8+ Qxd8 33. Rxd8+
Kf7 34. Red1 Be4 35. R1d7+ Kg6 36. g4 Bf3 37. Rg8 1-0

[Event "Qatar Masters Open 2015"]
[Site "Doha QAT"]
[Date "2015.12.22"]
[Round "3.52"]
[White "Pham, Le Thao Nguyen"]
[Black "Neelotpal, Das"]
[Result "1-0"]
[WhiteElo "2319"]
[BlackElo "2475"]
[PlyCount "61"]
[EventDate "2015.12.20"]
[EventType "swiss"]
[EventRounds "9"]
[EventCountry "QAT"]
[Source "lmi"]
[SourceDate "2015.12.20"]

1. e4 e5 2. Nf3 Nc6 3. Nc3 Nf6 4. Bb5 Bd6 5. O-O O-O 6. a3 Re8 7. d3 h6 8. h3
Bf8 9. Re1 a6 10. Ba4 b5 11. Bb3 Bb7 12. Be3 Na5 13. Ba2 c5 14. Nd5 Bxd5 15.
Bxd5 Nxd5 16. exd5 c4 17. Bd2 f6 18. Nh4 cxd3 19. cxd3 Rc8 20. Re3 e4 21. Bxa5
Qxa5 22. dxe4 Rc4 23. Qg4 Qd2 24. b4 Re5 25. Rd1 Qc2 26. Rde1 Rxd5 27. Nf5 Rd3
28. Nxh6+ Kh7 29. Nf5 Rcc3 30. Qh5+ Kg8 31. Qe8 1-0

[Event "Qatar Masters Open 2015"]
[Site "Doha QAT"]
[Date "2015.12.22"]
[Round "3.53"]
[White "Krush, Irina"]
[Black "Christiansen, Johan-Sebastian"]
[Result "0-1"]
[WhiteElo "2468"]
[BlackElo "2385"]
[PlyCount "80"]
[EventDate "2015.12.20"]
[EventType "swiss"]
[EventRounds "9"]
[EventCountry "QAT"]
[Source "lmi"]
[SourceDate "2015.12.20"]

1. c4 e5 2. Nc3 Bb4 3. Nd5 Bc5 4. Nf3 c6 5. Nc3 d6 6. d4 exd4 7. Nxd4 Nf6 8. e3
O-O 9. Be2 Nbd7 10. O-O Re8 11. b3 Ne5 12. Bb2 a6 13. Qc2 b5 14. Rfd1 Qb6 15.
h3 Bd7 16. Rab1 Rad8 17. Ba1 Qb8 18. cxb5 axb5 19. b4 Ba7 20. a4 Qc8 21. axb5
Bxd4 22. exd4 Bf5 23. Qb2 Ng6 24. bxc6 Nf4 25. Bf3 Bxh3 26. g3 Bg4 27. Bh1 Bxd1
28. Rxd1 Qg4 29. Qd2 N6h5 30. Bg2 Re6 31. gxf4 Rg6 32. f3 Qh3 33. Nd5 Re8 34.
c7 h6 35. Rc1 Kh7 36. Qc2 f5 37. Qd2 Qxf3 38. Ne7 Rxe7 39. c8=Q Re2 40. Qxe2
Qxe2 0-1

[Event "Qatar Masters Open 2015"]
[Site "Doha QAT"]
[Date "2015.12.22"]
[Round "3.54"]
[White "Ma, Zhonghan"]
[Black "Li, Ruofan"]
[Result "1-0"]
[WhiteElo "2463"]
[BlackElo "2372"]
[PlyCount "89"]
[EventDate "2015.12.20"]
[EventType "swiss"]
[EventRounds "9"]
[EventCountry "QAT"]
[Source "lmi"]
[SourceDate "2015.12.20"]

1. Nf3 Nf6 2. c4 e6 3. Nc3 d5 4. d4 Be7 5. Bg5 O-O 6. e3 Nbd7 7. Rc1 a6 8. cxd5
exd5 9. Bd3 c6 10. O-O Re8 11. Qc2 Nf8 12. Ne5 Ng4 13. Bf4 Nxe5 14. dxe5 f6 15.
exf6 Bxf6 16. e4 Ne6 17. Bg3 Nc5 18. Nxd5 Nxd3 19. Nxf6+ Qxf6 20. Qxd3 Qxb2 21.
a3 Qb5 22. Qd4 Be6 23. Bc7 Re7 24. a4 Qb3 25. Bd6 Rd7 26. e5 a5 27. f4 g6 28.
Rfd1 Qd5 29. Qf2 Qb3 30. Rd4 b5 31. h3 bxa4 32. Ra1 Qc3 33. Rdxa4 Rf7 34. Kh2
Bd5 35. R4a3 Qc4 36. e6 Bxe6 37. Rxa5 Rd8 38. Ra8 Rfd7 39. Bc7 Rf8 40. Rxf8+
Kxf8 41. Ra8+ Kf7 42. Qh4 Bf5 43. Qxh7+ Ke6 44. Qg8+ Rf7 45. Be5 1-0

[Event "Qatar Masters Open 2015"]
[Site "Doha QAT"]
[Date "2015.12.22"]
[Round "3.55"]
[White "Pratyusha, Bodda"]
[Black "Lorparizangeneh, Shahin"]
[Result "1-0"]
[WhiteElo "2260"]
[BlackElo "2454"]
[PlyCount "71"]
[EventDate "2015.12.20"]
[EventType "swiss"]
[EventRounds "9"]
[EventCountry "QAT"]
[Source "lmi"]
[SourceDate "2015.12.20"]

1. d4 Nf6 2. c4 e6 3. Nc3 Bb4 4. Qc2 b6 5. Nf3 Bb7 6. Bd2 O-O 7. a3 Bxc3 8.
Bxc3 d6 9. e3 Nbd7 10. Be2 Ne4 11. O-O f5 12. Rfd1 Qf6 13. b4 Qh6 14. d5 e5 15.
Nd2 Ng5 16. Nf3 Ne4 17. Nd2 Nxd2 18. Bxd2 Qh4 19. Be1 Qg5 20. Bd2 e4 21. Bc3
Rae8 22. Qa4 Ne5 23. Bxe5 Rxe5 24. g3 a6 25. c5 f4 26. exf4 Rxf4 27. cxb6 e3
28. f3 cxb6 29. Qd7 Rf7 30. Qxd6 Bxd5 31. f4 Rxf4 32. Rxd5 Rxd5 33. Qxf4 Qxf4
34. gxf4 Rd2 35. Bxa6 e2 36. Re1 1-0

[Event "Qatar Masters Open 2015"]
[Site "Doha QAT"]
[Date "2015.12.22"]
[Round "3.56"]
[White "Firat, Burak"]
[Black "Bartel, Marta"]
[Result "1-0"]
[WhiteElo "2446"]
[BlackElo "2271"]
[PlyCount "93"]
[EventDate "2015.12.20"]
[EventType "swiss"]
[EventRounds "9"]
[EventCountry "QAT"]
[Source "lmi"]
[SourceDate "2015.12.20"]

1. c4 Nf6 2. Nc3 d5 3. cxd5 Nxd5 4. Nf3 g6 5. h4 h6 6. e4 Nb6 7. d4 Bg7 8. Be3
Bg4 9. Qd2 Bxf3 10. gxf3 e5 11. d5 N8d7 12. O-O-O Nc8 13. Kb1 a6 14. Rc1 Nd6
15. Na4 b5 16. Nc5 Nb6 17. b3 a5 18. Nd3 a4 19. Qc3 axb3 20. axb3 O-O 21. Qxc7
Qxc7 22. Rxc7 Rfb8 23. Nb4 Nbc4 24. Bc5 Ne8 25. Ra7 Nd2+ 26. Kc2 Nxf3 27. Rxa8
Rxa8 28. Bxb5 Bf8 29. Bxf8 Nd4+ 30. Kb2 Kxf8 31. Bxe8 Kxe8 32. Nc6 Nxc6 33.
dxc6 Kd8 34. Rd1+ Kc7 35. Rd7+ Kxc6 36. Rxf7 Kc5 37. Kc3 Ra2 38. Rf8 h5 39. b4+
Kb5 40. f4 exf4 41. Rxf4 Ra3+ 42. Kd4 Kxb4 43. e5 Kb5 44. e6 Kc6 45. Ke5 Kc7
46. Kf6 Re3 47. e7 1-0

[Event "Qatar Masters Open 2015"]
[Site "Doha QAT"]
[Date "2015.12.22"]
[Round "3.57"]
[White "Sagar, Shah"]
[Black "Goriatchkin, Jouri"]
[Result "1-0"]
[WhiteElo "2441"]
[BlackElo "2318"]
[PlyCount "83"]
[EventDate "2015.12.20"]
[EventType "swiss"]
[EventRounds "9"]
[EventCountry "QAT"]
[Source "lmi"]
[SourceDate "2015.12.20"]

1. c4 e6 2. d4 f5 3. Nf3 Nf6 4. Nc3 d5 5. Bf4 c6 6. e3 Be7 7. Bd3 O-O 8. Qc2
Na6 9. a3 Qa5 10. O-O Qd8 11. b4 Nc7 12. Rfc1 dxc4 13. Bxc4 Ncd5 14. Bg5 a6 15.
Bd3 Bd7 16. Ne5 Be8 17. Na4 Nd7 18. Bxe7 Qxe7 19. Nc5 Nxe5 20. dxe5 a5 21. e4
Nf4 22. exf5 exf5 23. Qc4+ Nd5 24. b5 Qxe5 25. Re1 Qf6 26. Nxb7 Rb8 27. bxc6
Bxc6 28. Nxa5 Ba8 29. Rac1 Rb6 30. Be2 g5 31. Bf3 Rd6 32. Red1 Rfd8 33. Qd4 Qg6
34. Nc4 g4 35. Be2 Re6 36. Ne3 Nxe3 37. Qxd8+ Re8 38. fxe3 Rxd8 39. Rxd8+ Kg7
40. Rc7+ Kh6 41. Rxa8 Kg5 42. Ra6 1-0

[Event "Qatar Masters Open 2015"]
[Site "Doha QAT"]
[Date "2015.12.22"]
[Round "3.58"]
[White "Guramishvili, Sopiko"]
[Black "Vogel, Roven"]
[Result "1-0"]
[WhiteElo "2368"]
[BlackElo "2439"]
[PlyCount "231"]
[EventDate "2015.12.20"]
[EventType "swiss"]
[EventRounds "9"]
[EventCountry "QAT"]
[Source "lmi"]
[SourceDate "2015.12.20"]

1. c4 Nf6 2. Nc3 e5 3. g3 Nc6 4. Bg2 g6 5. e3 Bg7 6. Nge2 O-O 7. O-O d6 8. b3
Bf5 9. h3 Qd7 10. Kh2 Bd3 11. f4 h5 12. Rf2 e4 13. Ba3 a5 14. Nc1 Nb4 15. Bxb4
axb4 16. Nxd3 bxc3 17. Nb4 c5 18. Nc2 d5 19. dxc3 dxc4 20. Qxd7 Nxd7 21. Bxe4
Bxc3 22. Rb1 Rxa2 23. bxc4 Re8 24. Bxb7 Rxe3 25. Nxe3 Rxf2+ 26. Bg2 Bd4 27. Nd5
Rc2 28. Rb7 Nf8 29. Ne7+ Kg7 30. Nc8 Rxc4 31. Bd5 Rc2+ 32. Kh1 Rc1+ 33. Kg2 Kh8
34. Nd6 Rc2+ 35. Kf1 Bg7 36. Nxf7+ Kh7 37. Ng5+ Kh8 38. Nf7+ Kh7 39. Ng5+ Kh8
40. Rb8 Rd2 41. Bf7 Rd6 42. Ba2 Ra6 43. Bd5 Rf6 44. h4 Bh6 45. Bc4 Kg7 46. Rb7+
Kh8 47. Nf7+ Kh7 48. Ke2 Bxf4 49. gxf4 Rxf4 50. Ne5+ Kh6 51. Nf7+ Kg7 52. Ng5+
Kh6 53. Nf7+ Kg7 54. Nd6+ Kf6 55. Ke3 Rxh4 56. Ne4+ Kf5 57. Rf7+ Ke5 58. Re7+
Kf5 59. Rf7+ Ke5 60. Re7+ Kf5 61. Re8 Rh3+ 62. Kf2 Rh2+ 63. Kg3 Rb2 64. Kf3 Nd7
65. Be6+ Ke5 66. Bxd7+ Kd4 67. Be6 h4 68. Kf4 g5+ 69. Nxg5 Rf2+ 70. Nf3+ Kc3
71. Rc8 Kb4 72. Ke3 Rf1 73. Rb8+ Ka4 74. Bd7+ Ka3 75. Ra8+ Kb4 76. Ra4+ Kc3 77.
Rxh4 Rb1 78. Be6 Rb4 79. Rh2 Rb6 80. Bd5 Rb8 81. Ne5 Re8 82. Ke4 Re7 83. Rh3+
Kc2 84. Bb3+ Kd2 85. Kd5 Ke2 86. Bc4+ Kf2 87. Rf3+ Kg2 88. Rf6 Kg3 89. Ke4 Rg7
90. Rf3+ Kg2 91. Rf5 Kg3 92. Bf1 c4 93. Ke3 c3 94. Rf3+ Kh4 95. Rh3+ Kg5 96.
Bd3 Re7 97. Kd4 c2 98. Bxc2 Rc7 99. Rg3+ Kh4 100. Rg4+ Kh5 101. Bg6+ Kh6 102.
Ke4 Rc1 103. Be8 Rf1 104. Nf3 Kh7 105. Kf4 Rc1 106. Bf7 Rf1 107. Bd5 Ra1 108.
Kf5 Ra5 109. Ke5 Kh6 110. Nd4 Kh5 111. Rg1 Kh6 112. Kf6 Kh5 113. Bf7+ Kh4 114.
Nf3+ Kh3 115. Be6+ Rf5+ 116. Bxf5# 1-0

[Event "Qatar Masters Open 2015"]
[Site "Doha QAT"]
[Date "2015.12.22"]
[Round "3.61"]
[White "Shoker, Samy"]
[Black "Siva, Mahadevan"]
[Result "1-0"]
[WhiteElo "2489"]
[BlackElo "2400"]
[PlyCount "107"]
[EventDate "2015.12.20"]
[EventType "swiss"]
[EventRounds "9"]
[EventCountry "QAT"]
[Source "lmi"]
[SourceDate "2015.12.20"]

1. c4 Nf6 2. g3 c6 3. Nf3 d5 4. Bg2 Bf5 5. cxd5 cxd5 6. Qb3 Qc8 7. Nc3 e6 8.
O-O Nc6 9. d3 Be7 10. Bf4 O-O 11. Rac1 Qd7 12. e4 Bg6 13. exd5 exd5 14. Ne5
Nxe5 15. Bxe5 Bxd3 16. Nxd5 Nxd5 17. Qxd3 Rad8 18. Qb3 Bf6 19. Bxf6 Nxf6 20.
Rfd1 Qf5 21. Rxd8 Rxd8 22. Qxb7 h5 23. Qxa7 Rd2 24. a4 Rxb2 25. a5 Ra2 26. a6
Qa5 27. Bf1 Qd2 28. Qe3 Qxe3 29. fxe3 Ng4 30. Bc4 Ra3 31. e4 Ne5 32. Be2 Ra2
33. Kf1 f6 34. Rc7 Kh7 35. a7 Kg6 36. h3 Ra1+ 37. Kf2 Ra3 38. Bd1 Ra2+ 39. Ke3
Ra3+ 40. Kd2 Nf7 41. Bxh5+ Kxh5 42. Rxf7 Kg6 43. Rc7 Kh7 44. Kc2 Kh6 45. Kb2
Ra6 46. Kb3 Ra1 47. Kb4 Rb1+ 48. Kc5 Rc1+ 49. Kb6 Rb1+ 50. Kc6 Rc1+ 51. Kb7
Rb1+ 52. Kc8 Ra1 53. Kb8 Rb1+ 54. Rb7 1-0

[Event "Qatar Masters Open 2015"]
[Site "Doha QAT"]
[Date "2015.12.22"]
[Round "3.62"]
[White "Sanal, Vahap"]
[Black "Konguvel, Ponnuswamy"]
[Result "1/2-1/2"]
[WhiteElo "2487"]
[BlackElo "2377"]
[PlyCount "80"]
[EventDate "2015.12.20"]
[EventType "swiss"]
[EventRounds "9"]
[EventCountry "QAT"]
[Source "lmi"]
[SourceDate "2015.12.20"]

1. Nf3 g6 2. g3 Bg7 3. Bg2 c5 4. O-O Nc6 5. c4 e6 6. Nc3 Nge7 7. d3 d5 8. Bg5
h6 9. Bd2 b6 10. Qc1 Bb7 11. cxd5 exd5 12. e4 d4 13. Nd5 Nxd5 14. exd5 Ne7 15.
b4 Rc8 16. bxc5 bxc5 17. Re1 Bxd5 18. Ne5 Bxg2 19. Kxg2 O-O 20. Bxh6 Qd5+ 21.
Nf3 Nc6 22. Bxg7 Kxg7 23. Qf4 Nb4 24. Re5 Qc6 25. Rd1 Rfe8 26. h4 Rxe5 27.
Qxe5+ Qf6 28. Qe4 Nxa2 29. Ra1 Nc3 30. Qb7 Re8 31. Qxa7 Qf5 32. Ra5 Re2 33.
Qxc5 Qxc5 34. Rxc5 Nd1 35. Ng5 Nxf2 36. Kf1 Nxd3 37. Rc7 Re1+ 38. Kg2 Re2+ 39.
Kf1 Re1+ 40. Kg2 Re2+ 1/2-1/2